[Event "Open Semana Santa 2023"]
[Site "?"]
[Date "2023.04.10"]
[Round "9.89"]
[White "WFM Abrisqueta Zudaire, Leyre"]
[Black "Silva Pena, Angel David"]
[Result "1-0"]
[WhiteElo "2077"]
[BlackElo "1879"]
[PlyCount "87"]

1. d4 Nf6 2. Nf3 e6 3. c4 d5 4. g3 Be7 5. Bg2 O-O 6. Qc2 c5 7. cxd5 cxd4 8.
Nxd4 Nxd5 9. O-O Nb4 10. Qc4 N8c6 11. Nxc6 Nxc6 12. Nc3 Qd4 13. Qb3 Rd8 14. a3
Qb6 15. Qxb6 axb6 16. Be3 Bc5 17. Bxc5 bxc5 18. Ne4 c4 19. Rfd1 Rxd1+ 20. Rxd1
Kf8 21. Nd6 c3 22. bxc3 Ke7 23. a4 Na5 24. c4 Bd7 25. Bxb7 Nxb7 26. Nxb7 Bc6
27. Nc5 Bxa4 28. Ra1 Bc6 29. Rxa8 Bxa8 30. f3 Kd6 31. Nd3 e5 32. Kf2 f5 33. Ke3
g5 34. Nf2 Bb7 35. Kd3 Kc5 36. Kc3 e4 37. fxe4 fxe4 38. e3 h5 39. Nh3 g4 40.
Nf4 h4 41. gxh4 Bc8 42. Nd5 Bf5 43. Nf6 Kd6 44. Kd4 1-0

[Event "Open Semana Santa 2023"]
[Site "?"]
[Date "2023.04.10"]
[Round "9.90"]
[White "Perez Epinin, Gines"]
[Black "Robledo Sanchez, Carlos"]
[Result "0-1"]
[WhiteElo "1861"]
[BlackElo "2077"]
[PlyCount "60"]

1. d4 Nf6 2. Nf3 e6 3. e3 c5 4. Bd3 Nc6 5. a3 b6 6. O-O Bb7 7. Nbd2 d5 8. b3
Bd6 9. Bb2 O-O 10. Ne5 Rc8 11. f4 Ne7 12. Qe2 Qc7 13. dxc5 bxc5 14. Ng4 Nd7 15.
Rf3 f5 16. Rg3 Ng6 17. h4 fxg4 18. h5 Nge5 19. fxe5 Bxe5 20. Bxe5 Qxe5 21. Qxg4
Qxa1+ 22. Kh2 Qf6 23. h6 Rf7 24. Qh5 Ne5 25. Bxh7+ Kxh7 26. hxg7+ Qh6 27. Qxh6+
Kxh6 28. g8=Q Rxg8 29. Rxg8 Rf2 30. Rb8 Bc6 0-1

[Event "Open Semana Santa 2023"]
[Site "?"]
[Date "2023.04.10"]
[Round "9.91"]
[White "Morales Carmona, Jose Manuel"]
[Black "Mateu Guiu, Esteve"]
[Result "1/2-1/2"]
[WhiteElo "1849"]
[BlackElo "2071"]
[PlyCount "62"]

1. e4 c5 2. Nf3 d6 3. d4 cxd4 4. Nxd4 Nf6 5. f3 e5 6. Nb3 a5 7. Be3 a4 8. N3d2
d5 9. Bb5+ Nc6 10. O-O Be7 11. Bf2 O-O 12. exd5 Nxd5 13. Re1 a3 14. bxa3 Nd4
15. Bxd4 exd4 16. Nb3 Ne3 17. Qe2 Bf5 18. Bd3 Bxd3 19. Qxd3 Rc8 20. c4 Rxc4 21.
N1d2 Rc3 22. Qxd4 Qxd4 23. Nxd4 Bc5 24. N2b3 Nc2 25. Nxc5 Nxa1 26. Ne4 Rc4 27.
Nf5 Nc2 28. Rd1 Nxa3 29. Ne7+ Kh8 30. Nd6 Rf4 31. Rd3 Nc2 1/2-1/2

[Event "Open Semana Santa 2023"]
[Site "?"]
[Date "2023.04.10"]
[Round "9.92"]
[White "Justiniano Marquez, Marco Antoni"]
[Black "Lacamara Pasamar, Miguel"]
[Result "0-1"]
[WhiteElo "2068"]
[BlackElo "1807"]
[PlyCount "112"]

1. Nf3 Nf6 2. c4 d6 3. d4 g6 4. Nc3 Bg7 5. e4 O-O 6. Be3 Ng4 7. Bg5 c6 8. h3
Nf6 9. Be2 Nbd7 10. Nd2 Qb6 11. Nb3 a5 12. Rb1 a4 13. Nc1 a3 14. b4 Ne8 15. Be3
c5 16. Nd5 Qd8 17. bxc5 dxc5 18. dxc5 Nef6 19. f3 Nh5 20. O-O Ng3 21. Re1 Ra6
22. Bf2 Nh5 23. g4 e6 24. Nb6 Nf4 25. Bf1 Qc7 26. Rb5 Rd8 27. Qb3 Ne5 28. Nxc8
Rxc8 29. Rd1 Nc6 30. Rxb7 Qe5 31. Rdd7 Nd8 32. Qd1 Nxb7 33. Rxb7 Rac6 34. Nb3
R6c7 35. Bd4 Qg5 36. Rxc7 Rxc7 37. Bxg7 Kxg7 38. Qd6 Rc8 39. h4 Qf6 40. g5 Qb2
41. Qxf4 Qxa2 42. Nc1 Qb2 43. e5 a2 44. Nxa2 Qxa2 45. Qf6+ Kg8 46. h5 gxh5 47.
Bd3 Qa7 48. Kg2 Qd7 49. Be4 Rxc5 50. Qh6 f5 51. exf6 Qf7 52. g6 hxg6 53. Bxg6
Qxf6 54. Bh7+ Kf7 55. Bg8+ Ke7 56. Qh7+ Kf8 0-1

[Event "Open Semana Santa 2023"]
[Site "?"]
[Date "2023.04.10"]
[Round "9.93"]
[White "Srivatsan Karthikeyan"]
[Black "Exposito Milan, Milan,Adrian"]
[Result "1/2-1/2"]
[WhiteElo "1777"]
[BlackElo "2053"]
[PlyCount "94"]

1. e4 c5 2. Nf3 d6 3. d4 Nf6 4. Bb5+ Bd7 5. Bxd7+ Qxd7 6. Nc3 cxd4 7. Nxd4 g6
8. O-O Bg7 9. f3 O-O 10. Be3 Nc6 11. Qd2 Rac8 12. Rad1 Rfd8 13. h3 d5 14. exd5
Nxd5 15. Nxc6 bxc6 16. Nxd5 cxd5 17. c3 Qa4 18. Rfe1 e6 19. b3 Qa5 20. Bd4
Bxd4+ 21. cxd4 Qxd2 22. Rxd2 Rc3 23. Kf2 Rdc8 24. Re3 R3c6 25. g4 Kg7 26. g5
Kf8 27. Kg3 Ke7 28. Ree2 Kd6 29. h4 Rc1 30. h5 R8c3 31. hxg6 hxg6 32. Rh2 Rg1+
33. Rhg2 Rgc1 34. Rh2 a5 35. Rhe2 a4 36. bxa4 Ra3 37. Rb2 Rxa4 38. Red2 Rcc4
39. Rb7 Rxd4 40. Rxd4 Rxd4 41. Rxf7 Ra4 42. Rf6 d4 43. Rxg6 Rxa2 44. Rg8 Ke5
45. g6 d3 46. Rd8 Kf6 47. Rxd3 Kxg6 1/2-1/2

[Event "Open Semana Santa 2023"]
[Site "?"]
[Date "2023.04.10"]
[Round "9.96"]
[White "Palacios Sanchez, Sanchez,Victor"]
[Black "Gonzalvez Tamarit, Ruben"]
[Result "1/2-1/2"]
[WhiteElo "1704"]
[BlackElo "2028"]
[Annotator "Usuario"]
[PlyCount "139"]

1. c4 f5 2. e4 fxe4 3. d3 Nf6 4. Nc3 e6 5. dxe4 Nc6 6. Bg5 Be7 7. f4 d6 8. Bd3
e5 9. f5 Nd4 10. Bxf6 Bxf6 11. Qh5+ Kf8 12. O-O-O Qe8 13. Qh3 c6 14. Nf3 Qg6
15. g4 Qh6+ 16. Qxh6 gxh6 17. Nxd4 exd4 18. Ne2 Rg8 19. Rdg1 Bg5+ 20. Kc2 Be3
21. Rg2 h5 22. h3 h4 23. Ng1 Bxg1 24. Rhxg1 Rg5 25. b4 a5 26. c5 Ke7 27. cxd6+
Kxd6 28. b5 Bd7 29. a4 cxb5 30. Bxb5 Rc8+ 31. Kd3 Bxb5+ 32. axb5 Ke5 33. Rc2
Rxc2 34. Kxc2 Rg8 35. Kd3 Rc8 36. g5 Rc3+ 37. Kd2 Rg3 38. Rf1 Rg2+ 39. Kd3 Rxg5
40. f6 Rg3+ 41. Kc2 Rg8 42. b6 Rf8 43. f7 Kxe4 44. Re1+ Kd5 45. Re7 Kc6 46. Kd3
Kxb6 47. Kxd4 Kc6 48. Ke5 b5 49. Kf6 a4 50. Re8 Rxf7+ 51. Kxf7 b4 52. Ra8 a3
53. Ke6 Kc5 54. Ke5 Kc4 55. Ke4 Kc3 56. Rc8+ Kd2 57. Rd8+ Kc1 58. Kd3 a2 59.
Rf8 a1=Q 60. Rf1+ Kb2 61. Rxa1 Kxa1 62. Kc4 Kb2 63. Kxb4 Kc2 64. Kc4 Kd2 65.
Kd4 Ke2 66. Ke4 Kf2 67. Kf4 h5 68. Ke4 Kg2 69. Ke3 Kf1 70. Kf3 $11 1/2-1/2

[Event "Open Semana Santa 2023"]
[Site "?"]
[Date "2023.04.10"]
[Round "9.97"]
[White "Fuentes Guinot, Alejandro"]
[Black "Advaitt Srikant Koduri"]
[Result "0-1"]
[WhiteElo "2027"]
[BlackElo "1630"]
[PlyCount "116"]

1. d4 Nf6 2. Bf4 d5 3. e3 e6 4. Nf3 c5 5. c3 Nc6 6. Nbd2 Bd6 7. Bg3 O-O 8. Bd3
b6 9. e4 Be7 10. e5 Nh5 11. Ng5 Bxg5 12. Qxh5 g6 13. Qe2 cxd4 14. h4 Bh6 15. h5
dxc3 16. bxc3 Bg7 17. Nf3 Qc7 18. Rd1 Bb7 19. Qe3 Ne7 20. Qd2 Rac8 21. Rc1 d4
22. Nxd4 Bxg2 23. Rh2 Bc6 24. hxg6 hxg6 25. Qg5 Rfe8 26. f3 Nf5 27. Bxf5 exf5
28. Re2 Bxe5 29. Nxf5 Bxg3+ 30. Nxg3 Bxf3 31. Rxe8+ Rxe8+ 32. Kf2 Bb7 33. Kg1
Qc6 34. Qd2 Re5 35. Rf1 Kg7 36. Rf2 Qd5 37. Qf4 Re1+ 38. Kh2 Qe6 39. c4 Bc6 40.
a3 a6 41. Rd2 Qe5 42. Qxe5+ Rxe5 43. Rb2 b5 44. cxb5 Bxb5 45. Kg2 Re3 46. Ra2
Bc6+ 47. Kh2 f5 48. Nf1 Re1 49. Rc2 Be4 50. Rc7+ Kh6 51. Ng3 f4 52. Nxe4 Rxe4
53. Kg2 Kg5 54. Rc3 Re3 55. Rc5+ Kg4 56. Rc6 Rxa3 57. Rxg6+ Kf5 58. Rg8 Rg3+
0-1

[Event "Open Semana Santa 2023"]
[Site "?"]
[Date "2023.04.11"]
[Round "9.99"]
[White "Duller Llopis, Jouke"]
[Black "Kolas, Tore"]
[Result "0-1"]
[WhiteElo "1889"]
[BlackElo "2159"]
[PlyCount "70"]

1. d4 d5 2. c4 e6 3. Nf3 Nf6 4. g3 Bb4+ 5. Bd2 Be7 6. b3 Ne4 7. Bg2 c5 8. cxd5
exd5 9. O-O Nc6 10. Be3 Bf6 11. Na3 Nc3 12. Qd2 cxd4 13. Nxd4 Nxd4 14. Bxd4
Bxd4 15. Rac1 Bf6 16. Rxc3 Bxc3 17. Qxc3 O-O 18. Rd1 Be6 19. e4 Rc8 20. Qb4 d4
21. h4 a5 22. Qxd4 Qxd4 23. Rxd4 Rfd8 24. Nb5 Rc1+ 25. Kh2 Rxd4 26. Nxd4 Ra1
27. f4 Rxa2 28. f5 Bxb3 29. Nxb3 a4 30. Nd4 a3 31. e5 Rb2 32. e6 fxe6 33. fxe6
a2 34. Nb3 Rxb3 35. Bd5 Kf8 0-1

[Event "Open Semana Santa 2023"]
[Site "?"]
[Date "2023.04.10"]
[Round "9.100"]
[White "Bethencourt Hernandez, Alberto"]
[Black "Bevia Martinez, Luis"]
[Result "1-0"]
[WhiteElo "1882"]
[BlackElo "2111"]
[PlyCount "85"]

1. e4 c6 2. Nf3 d5 3. Nc3 dxe4 4. Nxe4 Nf6 5. Qe2 Bg4 6. h3 Bh5 7. b3 Qd5 8.
Nxf6+ gxf6 9. Bb2 Nd7 10. O-O-O e6 11. g4 Bg6 12. Bg2 Qa5 13. Kb1 O-O-O 14. Nh4
Qg5 15. Nxg6 hxg6 16. Qe3 Qxe3 17. fxe3 Rh4 18. Rhf1 f5 19. gxf5 gxf5 20. e4 f4
21. d4 Bh6 22. d5 e5 23. dxc6 bxc6 24. Rd6 Kc7 25. Rfd1 Bg5 26. Bf3 f5 27. exf5
Rxh3 28. Bxc6 Nb8 29. Rxd8 Bxd8 30. Bxe5+ Kxc6 31. Bxb8 f3 32. Bxa7 Bh4 33. a4
f2 34. Rf1 Rf3 35. Kc1 Rxf5 36. Kd2 Rf7 37. Be3 Kd5 38. Ke2 Re7 39. Kd3 Rf7 40.
b4 Rf3 41. Ke2 Ke4 42. Bxf2 Be7 43. Bc5 1-0

[Event "Open Semana Santa 2023"]
[Site "?"]
[Date "2023.04.10"]
[Round "9.101"]
[White "Gonzalez Castillo, Jose Javier"]
[Black "Perez Garcia, Jimena"]
[Result "0-1"]
[WhiteElo "2107"]
[BlackElo "1852"]
[PlyCount "58"]

1. c4 Nf6 2. Nf3 g6 3. g3 Bg7 4. Bg2 O-O 5. O-O d6 6. Nc3 e5 7. d4 Nbd7 8. b3
Re8 9. e3 c6 10. Ba3 e4 11. Nd2 d5 12. Rc1 a6 13. Ne2 Nf8 14. Bxf8 Bxf8 15. Nb1
Bg4 16. h3 Bxe2 17. Qxe2 Nh5 18. Nc3 Ng7 19. g4 f5 20. cxd5 cxd5 21. f3 Ba3 22.
Rc2 Rc8 23. gxf5 Nxf5 24. Qe1 exf3 25. Bxf3 Nxe3 26. Re2 Nxf1 27. Nxd5 Rxe2 28.
Qxe2 Qg5+ 29. Bg4 Rf8 0-1

[Event "Open Semana Santa 2023"]
[Site "?"]
[Date "2023.09.10"]
[Round "9.102"]
[White "WFM Guillo Longares, Cecilia"]
[Black "Manzanares Lopez, Alejandro"]
[Result "1-0"]
[WhiteElo "2078"]
[BlackElo "1845"]
[PlyCount "85"]

1. d4 Nf6 2. c4 g6 3. Nf3 Bg7 4. g3 c6 5. Bg2 Ne4 6. d5 Qa5+ 7. Nfd2 cxd5 8.
cxd5 f5 9. Qc2 O-O 10. O-O Nf6 11. Nc3 Na6 12. Nb3 Qd8 13. Bf4 Nh5 14. Bg5 h6
15. Be3 Kh7 16. Rad1 d6 17. Bf3 f4 18. Bd4 Bf5 19. Qd2 Qd7 20. Bxh5 gxh5 21.
Bxg7 Kxg7 22. Qxf4 Bh3 23. Qd4+ Kh7 24. Rfe1 Rg8 25. Qh4 Raf8 26. Qa4 Qf5 27.
Qe4 Qxe4 28. Nxe4 h4 29. Nc3 Nb4 30. Rd2 h5 31. a3 Na6 32. Rd4 hxg3 33. hxg3
Bg4 34. f3 Bd7 35. Kf2 Nc5 36. Nxc5 dxc5 37. Re4 Rg7 38. Rh1 Kg6 39. Reh4 Rf5
40. e4 Rg5 41. Ne2 e5 42. dxe6 Bxe6 43. f4 1-0

[Event "Open Semana Santa 2023"]
[Site "?"]
[Date "2023.04.10"]
[Round "9.103"]
[White "Lopez Martinez, Jaime"]
[Black "Prodhomme, Boris"]
[Result "0-1"]
[WhiteElo "1808"]
[BlackElo "2076"]
[PlyCount "36"]

1. e4 c5 2. Nf3 g6 3. d4 cxd4 4. Nxd4 Bg7 5. Nc3 Nc6 6. Be3 Nf6 7. Bc4 Qa5 8.
O-O O-O 9. Bb3 d6 10. h3 Bd7 11. Re1 Rac8 12. f4 Rfe8 13. a3 Nh5 14. g4 Nxd4
15. Bxf7+ Kxf7 16. Bxd4 Nxf4 17. Bxg7 Kxg7 18. Qd4+ Kg8 0-1

[Event "Open Semana Santa 2023"]
[Site "?"]
[Date "2023.04.10"]
[Round "9.104"]
[White "Pham Guerrero, Sergi"]
[Black "Stromhaug, Kristoffer Wang"]
[Result "0-1"]
[WhiteElo "2069"]
[BlackElo "1842"]
[PlyCount "38"]

1. e4 e5 2. f4 exf4 3. Bc4 Nc6 4. d4 Qh4+ 5. Kf1 d6 6. Nf3 Qh6 7. Nc3 Bd7 8.
Nd5 O-O-O 9. Bxf4 Qg6 10. Bd3 f5 11. Qe2 Nge7 12. Re1 fxe4 13. Bxe4 Bf5 14.
Nxe7+ Nxe7 15. Nh4 Qf7 16. Nxf5 Nxf5 17. Qb5 d5 18. Bxf5+ Qxf5 19. g3 g5 0-1

[Event "Open Semana Santa 2023"]
[Site "?"]
[Date "2023.04.09"]
[Round "9.105"]
[White "Pousada Garcia, Daniel"]
[Black "Martino Girones, Gonzalo"]
[Result "1-0"]
[WhiteElo "2061"]
[BlackElo "1827"]
[PlyCount "63"]

1. e4 c5 2. Nf3 Nc6 3. c3 Nf6 4. e5 Nd5 5. d4 cxd4 6. cxd4 d6 7. exd6 e6 8. Nc3
Bxd6 9. Bd3 Nf4 10. Bxf4 Bxf4 11. O-O O-O 12. Re1 g6 13. Be4 Bh6 14. Bxc6 bxc6
15. Na4 Ba6 16. b3 Qc8 17. Nc5 Rb8 18. Ne5 Rb4 19. a3 Rb5 20. Qf3 Bg7 21. Nxc6
Bb7 22. Ne7+ Kh8 23. Nxc8 Bxf3 24. Nd6 Rxc5 25. dxc5 Bxa1 26. Rxa1 Bc6 27. b4
a6 28. a4 Kg7 29. b5 Bd7 30. c6 Be8 31. Nxe8+ Rxe8 32. b6 1-0

[Event "Open Semana Santa 2023"]
[Site "?"]
[Date "2023.04.10"]
[Round "9.106"]
[White "Lacomba Piqueras, Andres"]
[Black "Moreno Alcaraz, Jose Javier"]
[Result "0-1"]
[WhiteElo "1807"]
[BlackElo "2060"]
[PlyCount "100"]

1. Nf3 c5 2. g3 Nc6 3. d4 cxd4 4. Nxd4 g6 5. b3 Bg7 6. Bb2 Qa5+ 7. Bc3 Qd5 8.
Nf3 Qxd1+ 9. Kxd1 Nf6 10. Nbd2 O-O 11. Bg2 d5 12. e3 e5 13. Ke2 Re8 14. h3 Bf5
15. Rac1 d4 16. Bb2 Nb4 17. Nc4 dxe3 18. Nxe3 Rac8 19. Nxf5 gxf5 20. Ne1 Bh6
21. Rd1 Nxc2 22. Kf1 Ne4 23. Nf3 Nxg3+ 24. Kg1 Nxh1 25. Kxh1 e4 26. Nh4 Red8
27. Rg1 Kf8 28. Nxf5 e3 29. Bf1 exf2 30. Rg3 Rd1 31. Kg2 Ne1+ 32. Kh1 Bf4 33.
Rg4 Nd3 34. Ba3+ Ke8 35. Kg2 h5 36. Rh4 Ne1+ 37. Kh1 Nc2 38. Rxf4 Nxa3 39. Kg2
Rd2 40. Ra4 Rc5 41. Ne3 Nc2 42. Re4+ Kf8 43. Nc4 Ne1+ 44. Kg3 Rxa2 45. h4 Rf5
46. Ne3 Rf3+ 47. Kh2 Rb2 48. Nc4 Ra2 49. Ne3 b5 50. Ng2 Rxb3 0-1

[Event "Open Semana Santa 2023"]
[Site "?"]
[Date "2023.04.10"]
[Round "9.107"]
[White "WFM Jimenez Fernandez, Fernandez,Rebeca"]
[Black "Prochaieva, Alina"]
[Result "1-0"]
[WhiteElo "2053"]
[BlackElo "1820"]
[PlyCount "109"]

1. e4 c5 2. Nf3 e6 3. d4 cxd4 4. Nxd4 a6 5. Bd3 g6 6. h4 Bg7 7. c3 d5 8. h5
dxe4 9. Bxe4 gxh5 10. Be3 Nf6 11. Nd2 Nxe4 12. Nxe4 e5 13. Nf5 Qxd1+ 14. Rxd1
O-O 15. Nxg7 Kxg7 16. Rxh5 f6 17. Bh6+ Kg6 18. Bxf8 Kxh5 19. Nxf6+ Kg6 20. Nd5
Nd7 21. Ba3 Kf7 22. b3 b5 23. Ne7 Nf6 24. Nxc8 Rxc8 25. Bb2 Ke6 26. Rc1 Nd5 27.
g3 h5 28. Ke2 Kf5 29. c4 bxc4 30. bxc4 Nb6 31. c5 Nd5 32. Ba3 Rc6 33. Kd3 Nc7
34. Kc4 Ke4 35. Rc3 Nb5 36. Re3+ Kf5 37. Bb2 e4 38. a4 Nc7 39. Ba3 Re6 40. Bc1
Rc6 41. Rb3 Ne6 42. Be3 Rc8 43. Rb6 Ra8 44. Kd5 Rd8+ 45. Kc6 Rc8+ 46. Kd6 Ra8
47. a5 Ng5 48. Bxg5 Kxg5 49. c6 Rd8+ 50. Ke7 Rd2 51. c7 Rc2 52. Kd7 Rd2+ 53.
Rd6 Rxd6+ 54. Kxd6 Kf5 55. c8=Q+ 1-0

[Event "Open Semana Santa 2023"]
[Site "?"]
[Date "2023.04.10"]
[Round "9.108"]
[White "Navarro Martinez, Victor"]
[Black "Santamaria Baeza, Adolfo"]
[Result "1-0"]
[WhiteElo "2051"]
[BlackElo "1815"]
[PlyCount "77"]

1. e4 e5 2. Nf3 Nc6 3. Bb5 Qf6 4. c3 Bd6 5. d4 h6 6. Na3 Nge7 7. Nc4 Ng6 8.
Nxd6+ Qxd6 9. dxe5 Ncxe5 10. Qxd6 cxd6 11. Nd4 a6 12. Be2 Ne7 13. c4 N5c6 14.
Be3 O-O 15. O-O-O b5 16. Nxc6 dxc6 17. Rxd6 Be6 18. b3 Rfc8 19. f4 Rc7 20. f5
Bxf5 21. exf5 Nxf5 22. Bf4 Nxd6 23. Bxd6 Rd7 24. c5 f5 25. Bh5 Kh7 26. Re1 g6
27. Bf3 Rc8 28. Re6 a5 29. Be5 Rcd8 30. Rxc6 Re8 31. Rc7 Rxc7 32. Bxc7 a4 33.
bxa4 bxa4 34. c6 g5 35. Bb6 g4 36. Bd5 Re1+ 37. Kd2 Re5 38. c7 Rxd5+ 39. Kc2
1-0

[Event "Open Semana Santa 2023"]
[Site "?"]
[Date "2023.04.10"]
[Round "9.109"]
[White "FM Van Hoolandt, Hoolandt,Patrick"]
[Black "Lopez Herrero, Israel"]
[Result "1-0"]
[WhiteElo "2046"]
[BlackElo "1814"]
[PlyCount "49"]

1. d4 Nf6 2. c4 g6 3. Nc3 Bg7 4. e4 d6 5. h3 O-O 6. Nf3 c5 7. d5 e6 8. Bd3 exd5
9. cxd5 a6 10. a4 Nbd7 11. O-O Rb8 12. Bf4 Nb6 13. a5 Na8 14. e5 Nh5 15. Bh2
dxe5 16. Nxe5 Nc7 17. d6 Ne6 18. d7 Nef4 19. Nxf7 Rxf7 20. dxc8=Q Rxc8 21. Bc4
Bd4 22. Qg4 Qc7 23. Nd5 Qe5 24. Nxf4 Rcf8 25. Nxh5 1-0

[Event "Open Semana Santa 2023"]
[Site "?"]
[Date "2023.04.10"]
[Round "9.110"]
[White "Jimenez Carrazoni, Marta Elena"]
[Black "Lazaro Azcutia, Miguel"]
[Result "1/2-1/2"]
[WhiteElo "1799"]
[BlackElo "2042"]
[PlyCount "62"]

1. d4 d5 2. c4 e6 3. Nc3 Nf6 4. cxd5 exd5 5. Bg5 c6 6. e3 h6 7. Bh4 Be7 8. Bd3
Nbd7 9. Nf3 O-O 10. Qc2 Re8 11. O-O Ne4 12. Bxe7 Qxe7 13. Rab1 Ndf6 14. Ne5 Bf5
15. b4 a6 16. f3 Nxc3 17. Qxc3 Bxd3 18. Qxd3 Red8 19. a4 Ne8 20. Rfe1 Nd6 21.
Ng4 Qe6 22. Nf2 Rd7 23. Nd1 a5 24. b5 cxb5 25. axb5 Rc8 26. Nb2 Nc4 27. Nxc4
Rxc4 28. b6 Qc6 29. Qa3 a4 30. Rec1 Rxc1+ 31. Qxc1 Rd6 1/2-1/2

[Event "Open Semana Santa 2023"]
[Site "?"]
[Date "2023.04.10"]
[Round "9.111"]
[White "Martinez Ramos, Paula"]
[Black "Valiente Uruena, Sergio"]
[Result "1/2-1/2"]
[WhiteElo "2042"]
[BlackElo "1790"]
[Annotator "Usuario"]
[PlyCount "71"]

1. Nf3 Nf6 2. d4 d5 3. g3 e6 4. Bg2 h6 5. O-O Bd6 6. c4 O-O 7. b3 b6 8. Bb2 Bb7
9. Nc3 Nbd7 10. Qc2 Rc8 11. cxd5 exd5 12. Nb5 a6 13. Nxd6 cxd6 14. Qd3 Ne4 15.
Rac1 Ndf6 16. Bh3 Rxc1 17. Rxc1 Re8 18. Nh4 g6 19. Qc2 Re7 20. Nf3 Ne8 $11 21.
Ne1 Rc7 22. Qd1 Ng5 23. Bg2 Nf6 24. Rxc7 Qxc7 25. Qc2 Qxc2 26. Nxc2 a5 27. f3
Ne6 28. Ba3 Ne8 29. Kf2 Kf8 30. Bh3 Ke7 31. Bxe6 fxe6 32. Bc1 g5 33. h4 Kf6 34.
hxg5+ hxg5 35. Bb2 Nc7 36. Ne3 $11 1/2-1/2

[Event "Open Semana Santa 2023"]
[Site "?"]
[Date "2023.04.10"]
[Round "9.112"]
[White "Aymerich Rosell, Pablo"]
[Black "Verbytski, Oleg"]
[Result "1-0"]
[WhiteElo "2048"]
[BlackElo "1774"]
[PlyCount "87"]
[EventDate "2023.??.??"]

1. e4 c5 2. Nf3 d6 3. d4 cxd4 4. Nxd4 Nf6 5. Nc3 a6 6. f3 e6 7. Be3 Be7 8. Qd2
b5 9. g4 Bb7 10. g5 Nfd7 11. a3 Nc6 12. h4 Rc8 13. Nxc6 Bxc6 14. O-O-O Qc7 15.
Kb1 Ne5 16. f4 Nc4 17. Bxc4 bxc4 18. Qd4 O-O 19. h5 e5 20. Qxc4 Qb7 21. Nd5 Bd8
22. f5 Bb5 23. Qb3 Qd7 24. Rh2 Ba5 25. Bc1 Bc4 26. Qg3 Bxd5 27. Rxd5 Qc7 28. f6
g6 29. Qd3 Rfd8 30. Qxa6 Bb6 31. Qd3 Bd4 32. Be3 Bxe3 33. Qxe3 Qc4 34. Qd3 Qc7
35. Rd2 gxh5 36. Qh3 Qb6 37. Qxh5 Rb8 38. b3 Qg1+ 39. Kb2 Rdc8 40. R5d3 Kf8 41.
Qh6+ Ke8 42. Qg7 Rb6 43. Qg8+ Kd7 44. Qxf7+ 1-0

[Event "Open Semana Santa 2023"]
[Site "?"]
[Date "2023.04.10"]
[Round "9.113"]
[White "Soler Ollero, Guillermo"]
[Black "FM Varga, Mariano"]
[Result "1/2-1/2"]
[WhiteElo "1770"]
[BlackElo "2026"]
[Annotator "Usuario"]
[PlyCount "45"]

1. d4 Nf6 2. Bf4 e6 3. e3 c5 4. c3 b6 5. Nd2 Bb7 6. Ngf3 Be7 7. h3 d6 8. Be2
Nbd7 9. O-O O-O 10. a4 a6 11. Nc4 d5 12. Nce5 Nxe5 13. Nxe5 Nd7 14. Bh2 Nxe5
15. Bxe5 Qd7 16. Bd3 f5 17. f4 Bd6 18. g4 Bxe5 19. fxe5 g6 20. Qf3 c4 21. Bc2
b5 22. axb5 axb5 23. Qg3 $11 1/2-1/2

[Event "Open Semana Santa 2023"]
[Site "?"]
[Date "2023.04.10"]
[Round "9.114"]
[White "CM Menac Comas, Joan Ramon"]
[Black "Garrido Silos, Pablo"]
[Result "0-1"]
[WhiteElo "2022"]
[BlackElo "1769"]
[Annotator "Usuario"]
[PlyCount "95"]

1. Nf3 d5 2. c4 e6 3. g3 d4 4. Bg2 Nf6 5. e3 c5 6. exd4 cxd4 7. O-O Nc6 8. Re1
Bd6 9. d3 h6 10. b3 O-O 11. Ba3 Qe7 12. Bxd6 Qxd6 13. a3 a5 14. Nbd2 e5 15. Qc2
Qc5 16. h3 Bf5 17. g4 Bh7 18. Nh4 Ra7 19. Nf1 g5 20. Nf5 Bxf5 21. gxf5 Re8 22.
Ng3 b6 23. Qd2 Rc7 24. h4 gxh4 25. Ne4 Nxe4 26. Rxe4 Qd6 27. Rxh4 Kh7 28. Be4
Rg8+ 29. Kf1 Qf6 30. Rh2 Rg5 31. Ke2 Ne7 32. Rah1 Ng8 33. f4 exf4 34. Qxf4 Rc8
35. Kd2 Rc5 36. Kc2 Re5 37. Rh4 Kg7 38. R1h3 Kh8 39. b4 axb4 40. axb4 Kg7 41.
Qf2 Re7 42. Qh2 Re5 43. b5 Kh7 44. Kb3 Kg7 45. Rxh6 Nxh6 46. Rxh6 Rxb5+ 47.
cxb5 Qxh6 48. Qe5+ {Tiempo} 0-1

[Event "Open Semana Santa 2023"]
[Site "?"]
[Date "2023.04.10"]
[Round "9.115"]
[White "Diez Machin, Vicente"]
[Black "Sanleon Pravisano, Nieves"]
[Result "0-1"]
[WhiteElo "1761"]
[BlackElo "2020"]
[PlyCount "52"]

1. e4 e5 2. Nf3 Nc6 3. Bb5 a6 4. Ba4 Nf6 5. d3 Bc5 6. h3 b5 7. Bb3 d6 8. c3 Bb6
9. Nbd2 O-O 10. Nf1 Na5 11. Bc2 c5 12. Ng3 Nc6 13. O-O h6 14. Nh4 Be6 15. Nhf5
d5 16. Qf3 Kh8 17. Nxh6 gxh6 18. Nh5 Nh7 19. Bxh6 Rg8 20. Kh2 d4 21. Qe2 Qh4
22. Bg7+ Rxg7 23. Nxg7 Kxg7 24. f4 exf4 25. Qf3 Rg8 26. Qxf4 Qxf4+ 0-1

[Event "Open Semana Santa 2023"]
[Site "?"]
[Date "2023.04.10"]
[Round "9.116"]
[White "Follana Albelda, Lucia"]
[Black "Sanchez Peral, Pedro"]
[Result "0-1"]
[WhiteElo "2018"]
[BlackElo "1761"]
[PlyCount "44"]

1. e4 c5 2. Nf3 e6 3. d4 cxd4 4. Nxd4 a6 5. c4 Nc6 6. Nc3 Bb4 7. Be3 Nge7 8.
Be2 O-O 9. O-O Bxc3 10. bxc3 d5 11. cxd5 exd5 12. Nxc6 bxc6 13. Bc5 Re8 14. f4
Qa5 15. Qd4 dxe4 16. Bb4 Qc7 17. Qxe4 Bf5 18. Qf3 Nd5 19. Bd3 Re3 20. Qh5 Bxd3
21. Qg5 h6 22. Qg4 Be2 0-1

[Event "Open Semana Santa 2023"]
[Site "?"]
[Date "2023.04.10"]
[Round "9.117"]
[White "Piddubna, Bozhena"]
[Black "Persson Bogdanovic, Nils Oskar"]
[Result "1-0"]
[WhiteElo "2000"]
[BlackElo "1690"]
[PlyCount "67"]

1. d4 d5 2. Nf3 Nf6 3. c4 e6 4. g3 Be7 5. Bg2 O-O 6. O-O Nbd7 7. Qc2 c5 8. Rd1
Qb6 9. b3 cxd4 10. Nxd4 Bc5 11. e3 dxc4 12. Qxc4 Ne5 13. Qe2 Nc6 14. Bb2 Nxd4
15. exd4 Be7 16. Nd2 Bd7 17. Nc4 Qa6 18. d5 Bb5 19. d6 Bd8 20. a4 Bc6 21. Bxc6
bxc6 22. Qe5 Rb8 23. Rd3 Bb6 24. Rf3 Bd8 25. Re1 Rxb3 26. Rxb3 Qxc4 27. Rb7 Qa6
28. Rb8 Bb6 29. d7 Qa5 30. Rxf8+ Kxf8 31. Qxa5 Bxa5 32. Ba3+ Kg8 33. Rd1 Nd5
34. Be7 1-0

[Event "Open Semana Santa 2023"]
[Site "?"]
[Date "2023.04.10"]
[Round "9.118"]
[White "Munoz Osete, Marcos"]
[Black "Lorenzo Calvo, Damian Angel"]
[Result "1/2-1/2"]
[WhiteElo "1743"]
[BlackElo "1997"]
[Annotator "Usuario"]
[PlyCount "76"]

1. d4 Nf6 2. c4 g6 3. Nc3 Bg7 4. e4 d6 5. h3 O-O 6. Bg5 c5 7. d5 e6 8. Bd3 exd5
9. exd5 h6 10. Be3 Nbd7 11. Nf3 a6 12. a4 Qc7 13. O-O Re8 14. Qd2 Kh7 15. Rfe1
Ng8 16. Bf4 Ne5 17. Nxe5 dxe5 18. Bh2 f5 19. a5 Bd7 20. Na4 Bxa4 21. Rxa4 Qd7
22. Raa1 e4 23. Bf1 g5 24. Rab1 Bd4 25. b4 f4 26. bxc5 Bxc5 27. Qc2 Nf6 28. Qb2
Kg6 29. Kh1 $11 Re7 30. Bg1 Rae8 31. Qc3 Qd6 32. Rb3 h5 33. Reb1 Rb8 34. f3 e3
35. Qd3+ $11 Kh6 36. Bh2 Qe5 37. Be2 Qd6 38. Qc3 Qe5 $11 1/2-1/2

[Event "Open Semana Santa 2023"]
[Site "?"]
[Date "2023.04.10"]
[Round "9.119"]
[White "Kyriakidis, Orestis"]
[Black "Deusa Ballesteros, Lucas"]
[Result "1/2-1/2"]
[WhiteElo "1727"]
[BlackElo "1993"]
[PlyCount "49"]

1. d4 Nf6 2. Nf3 e6 3. g3 d5 4. Bg2 c6 5. O-O Nbd7 6. b3 Bd6 7. Bb2 O-O 8. Nbd2
Re8 9. c4 Ne4 10. Nxe4 dxe4 11. Ne5 f5 12. Qc2 Qc7 13. Nxd7 Bxd7 14. f3 exf3
15. Rxf3 c5 16. Rd3 cxd4 17. Bxd4 e5 18. Bb2 e4 19. Rd2 Rad8 20. e3 Bb4 21. Bc3
Bc5 22. Bd4 Bb4 23. Bc3 Bc5 24. Bd4 Bb4 25. Bc3 1/2-1/2

[Event "Open Semana Santa 2023"]
[Site "?"]
[Date "2023.04.10"]
[Round "9.121"]
[White "Sukhodolskyi, Oleksii"]
[Black "Blanco Sanchez, Jose Fernando"]
[Result "0-1"]
[WhiteElo "1699"]
[BlackElo "1971"]
[PlyCount "62"]

1. e4 c6 2. d4 g6 3. Nf3 d5 4. exd5 cxd5 5. c4 Nf6 6. Nc3 Bg4 7. h3 Bxf3 8.
Qxf3 Bg7 9. cxd5 O-O 10. Bc4 Qb6 11. O-O Qxd4 12. Bb3 Nbd7 13. Rd1 Qb4 14. Bf4
Nc5 15. Ne2 Qe4 16. Rac1 Qxf3 17. gxf3 Nxb3 18. axb3 Nh5 19. Rc7 Nxf4 20. Nxf4
Be5 21. Rxe7 Bxf4 22. Rxb7 Rfd8 23. Re1 Rxd5 24. Ree7 Rf5 25. b4 Bc1 26. b3 Bb2
27. Kg2 Bd4 28. Re4 Bb6 29. Kg3 Rc8 30. h4 h5 31. Ree7 Rc3 0-1